000 00423nam a2200169Ia 4500
005 20250603144603.0
008 250603s9999 xx 000 0 und d
020 _a9789788521914
050 _aBF 697.5.B63 .A33/
100 _aAgbu, Jane-Frances Obiageli
245 0 _aBody image dissatisfaction
260 _aAbuja
260 _bNation Open University of Nigeria
260 _c2018
650 _aAbuja
942 _cBK
999 _c39364
_d39364